| 000 | 00757nam a2200241 a 4500 | ||
|---|---|---|---|
| 001 | 66314 | ||
| 003 | BD-RjUL | ||
| 005 | 20211209081525.0 | ||
| 008 | 170315s1969 stka b 001 0 eng d | ||
| 035 | _a(BD-RjUL)66444 | ||
| 040 |
_aBD-RjUL _beng _cBD-RjUL _dBD-RjUL |
||
| 041 | 1 | _aeng | |
| 082 |
_223 _a580 _bTAF 1969 |
||
| 100 | 1 |
_aTakhtajan, Armen _9196273 |
|
| 245 | 1 | 0 |
_aFlowering plants : _borigin and dispersal / _cArmen Takhtajan ; authorised translation from the Russian by C. Jeffrey. |
| 250 | _aEnglish ed. | ||
| 260 |
_aEdinburgh : _bOliver & Boyd ; _c1969. |
||
| 300 |
_aix, 310 p. : _bill. ; _c22 cm. |
||
| 504 | _aInclude Bibliography and index. | ||
| 650 |
_aFlowering Plants. _9196274 |
||
| 700 |
_aJeffrey, C. _9196275 |
||
| 942 |
_2ddc _cBK |
||
| 999 |
_c66314 _d66314 |
||